Roman Soldier - Statistics

General Stats
  • This quiz has been taken 4 times
  • The average score is 3 of 6
Answer Stats
Picture Answer % Correct
gladius
100%
pilum
75%
scutum
50%
caligae
25%
lorica segmentata
25%
cinigulum militare
0%
No matching quizzes found
Score Distribution
Percent of People with Each Score
Percentile by Number Answered
Your Score History
You have not taken this quiz